zpět

Detail výsledku týmu

U Buriana, Třinec

Datum a čas kvízu

34 Celkem bodů Celkový počet nahraných bodů na tomto kvízu bez doplňovacích otázek.
4. Pořadí na kvízu Konečné umístění týmu na tomto kvízu.

Zaznamenané odpovědi

# Otázka Odpověď Body Výsledky
1. V srpnu 2006 hostila Praha mez... Pluto 1
2. Symbolem povodní, které zasáhl... Gaston 1
3. V nultých letech světová ekono... Lehman Brothers 0
4. Seřaďte chronologicky následuj... 1B 2D 3A 4C 1
5. Událostmi, které navždy změnil... American Airlines; United Airlines 0.5
6. Seřaďte populární seriály z nu... 3; 4; 2; 1 1
7. První seriálovou rolí Vojty Ko... Pojišťovna štěstí; Nikol Leitgeb (Štíbrová) 1
8. Poznejte film na základě indic... Věčný svit neposkvrněné mysli (Eternal Sunshine of the Spotless Mind) 1
9. Mezi lety 2000–2009 vznikla řa... 1B 2C 3A 4D 0
10. Vyrůstání v nultých letech by... Totally Spies Špionky 1